United Nations forrum on forests (Record no. 60834)

MARC details
000 -LEADER
fixed length control field 00730nam a2200157 a 4500
008 - FIXED-LENGTH DATA ELEMENTS--GENERAL INFORMATION
fixed length control field 070709s2006 ||||||||||||||||| || u
050 ## - LIBRARY OF CONGRESS CALL NUMBER
Classification number UN-ESC(02)
110 ## - MAIN ENTRY--CORPORATE NAME
Corporate name or jurisdiction name as entry element United Nations Economic and Social Council (UNESC)
245 10 - TITLE STATEMENT
Title United Nations forrum on forests
246 ## - VARYING FORM OF TITLE
Title proper/short title report of the sixth session( 27 May 2005 and 13 to 24 February 2006)
260 ## - PUBLICATION, DISTRIBUTION, ETC.
Place of publication, distribution, etc. New York
Name of publisher, distributor, etc. United Nations Economic and Social Council (UNESC)
Date of publication, distribution, etc. 2006
300 ## - PHYSICAL DESCRIPTION
Extent iii, 40p.
350 ## - PRICE (NR) (BK AM CF MU VM SE) [OBSOLETE]
Price 0.00
500 ## - GENERAL NOTE
General note Economic and Social Council Official Records, 2006.Supplement no. 22
995 ## - RECOMMENDATION 995 [LOCAL, UNIMARC FRANCE]
-- 0.00
-- CBU-MAIN LIBRARY (Kitwe)
-- 1
-- 0.00
-- 1
-- AVAILABLE
-- Jul 9, 2007
-- International Publications
Holdings
Withdrawn status Lost status Source of classification or shelving scheme Damaged status Not for loan Home library Current library Shelving location Date acquired Total Checkouts Full call number Barcode Date last seen Price effective from Koha item type
          CBU-MAIN LIBRARY, KITWE. CBU-MAIN LIBRARY, KITWE.   11/30/2022   UN-ESC(02) Z03002199 11/30/2022 11/30/2022 MONOGRAPH